000 01321cam a2200217 4500500
005 20260208004353.0
041 _afre
042 _adc
100 1 0 _aHann, Chris
_eauthor
245 0 0 _aEmbeddedness and Effervescence: Political Economy and Community Sociality through a Century of Transformations in Rural Hungary
260 _c2017.
500 _a85
520 _aS’appuyant sur un travail de terrain de longue haleine dans un village de la grande plaine hongroise, l’auteur analyse les liens entre économie politique et formes de sociabilité communément englobées sous le terme de rituel. Trois cycles d’intégration et de désintégration sont décrits. Chacune des phases de déstructuration a conduit à de nouvelles formes d’« auto‑protection » (Karl Polanyi) et à la construction de nouvelles relations communautaires. Les formes exemplaires de sociabilité aujourd’hui sont sensiblement différentes de celles de l’ère socialiste.
690 _a(Post)socialisme
690 _aAnthropologie économique
690 _aKarl Polanyi
690 _aPopulisme
690 _aRituel
786 0 _nEthnologie française | 47 | 3 | 2017-07-07 | p. 543-553 | 0046-2616
856 4 1 _uhttps://shs.cairn.info/revue-ethnologie-francaise-2017-3-page-543?lang=fr&redirect-ssocas=7080
999 _c1649546
_d1649546